Harry Potter Wortsuchspiel - Statistiken

Allgemein
  • Dieses Quiz wurde 199 mal gespielt
  • Das Durchschnittsergebnis liegt bei 6 aus 15
Antwortstatistiken
Bildquiz Antwort % Korrekt
Draco
96%
Lumos
73%
Auror
67%
Muggel
44%
Ron
42%
Eule
37%
Parsel
35%
Fred
33%
Geist
25%
Drache
24%
Narbe
24%
Accio
20%
Knut
20%
Hexe
18%
Squib
10%
Keine übereinstimmenden Quizze gefunden
Verteilung der Resultate
Anzahl Personen mit jedem Resultat
Perzentil nach korrekt beantworteten Fragen
Ihre Resultats-Entwicklung
Sie haben dieses Quiz noch nicht gespielt